Score 0/20 Timer 15:00
36 Plays Today
Question Answer Wrong Answers
Whats Harrys secret talent? ???
100%
???
0%
???
0%
???
0%
When was Harry's solo album released? ???
61.5%
???
12.5%
???
17.1%
???
8.8%
What was Harry's audition number for the x-factor? ???
48.3%
???
4.8%
???
4.3%
???
4.1%
What was Harry in the 'Steal my girl' video? ???
45%
???
1.2%
???
1.1%
???
1%
What was Harry's date in the 'Night Changes' video? ???
44.5%
???
0.1%
???
0.2%
???
0.3%
What did Harry break in the 'Night Changes' Video? ???
40.3%
???
1%
???
2%
???
1.2%
What did Harry sing for his audition on the x-factor? ???
39.8%
???
0.1%
???
0.1%
???
0.3%
What did Harry want to be before a singer? ???
34.5%
???
4%
???
0.5%
???
0.7%
Who did Harry see for his first concert/gig? ???
28.7%
???
1.4%
???
2.2%
???
2.1%
What is Harry's biggest turn off in a girl? ???
25.3%
???
1.9%
???
1%
???
0.5%
What was Harry's first pet called? ???
20%
???
0.9%
???
2.2%
???
2.2%
What was Harry's first pet? ???
15.8%
???
2.1%
???
1.3%
???
0.7%
What is Harry's nickname? (clue: Liam gave it him) ???
14.1%
???
1%
???
0.1%
???
0.6%
What is Harry's mum called? ???
12.7%
???
0.8%
???
0.1%
???
0.5%
What does Harry have a fear of? ???
10.5%
???
1.2%
???
0.4%
???
0.5%
How many times has Harry Tweeted? (27th March 2017) ???
5.9%
???
1.8%
???
1.2%
???
1.6%
Who did Harry date in September 2012? ???
3.2%
???
1.9%
???
0.5%
???
0.3%
Whats Harry's dad called? ???
2.5%
???
0.4%
???
0.2%
???
0.2%
Do you think you did well in this quiz? ???
1.5%
???
0.1%
???
0.3%
???
0.6%
Did you like the quiz? ???
1.4%
???
0%
???
0%
???
0.1%
Remove Ads.
Support Sporcle.
Get the best of Sporcle when you Go Orange. This ad-free experience offers more features, more stats, and more fun while also helping to support Sporcle. Thank you for becoming a member.

You're not logged in!

Compare scores with friends on all Sporcle quizzes.
OR
Log In

Sporcle TV

Today on Sporcle TV


Watch our educational content, quiz creation guides, and fun videos on Sporcle TV.

Show Comments

Extras

Top Quizzes Today


Score Distribution

Paid Content

Your Account Isn't Verified!

In order to create a playlist on Sporcle, you need to verify the email address you used during registration. Go to your Sporcle Settings to finish the process.

Report this User

Report this user for behavior that violates our Community Guidelines.

Details: